000 00430nam a2200181Ia 4500
001 15640
005 20260306170211.0
008 260306t2019||||xx |||||||||||||| ||und||
041 _aESP
082 _a570
_bC48
100 _aCervantes Ramírez, Marta Concepción
_eAUT
245 0 _aBiología general
260 _c2019
300 _a478 páginas :
_c27 cm.
650 _aGEN
654 _aCCN
942 _cLIB
_dJUS
_fJUS
_2ddc
_n
999 _c15640
_d15640